000 00941nam a2200289Ia 4500
001 Z_5265
003 CHAP
008 220113s2005 xx 000 0 und d
010 _a168329
040 _cCHAP
090 _aTesis A 1868
100 _aAltrogge Girón, Ricardo
_94711
245 _aEvaluación técnico económica de la ganadería bovina en la finca Santa Luisa, municipio de Gutiérrez Zamora, Veracruz /
_cpor Ricardo Altrogge Girón
260 _aChapingo, Méx. :
_bEl autor,
_c2005
300 _a86 h.
502 _aTesis (Ing. Agr. Esp. en Zootecnia) -- UACH. Departamento de Zootecnia
650 _aGanadería
_xAspectos económicos
_xVeracruz
_944652
650 _aGanadería
_xVeracruz
_9137564
650 _aGanado vacuno
_xAspectos económicos
_945436
650 _aGanado vacuno
_xVeracruz
_9137839
901 _aTESIS A 1868
902 _aM
910 _a2005
942 _c2
942 _c2
999 _c168329
_d168329